000 00335nam a22001457a 4500
008 221005b ||||| |||| 00| 0 eng d
020 _a007049603
041 _aeng
080 _2tenth edition
_a61
082 _a61
100 _a4
101 _aMJEKSI
245 _aPrinciples of Internal Medicine
_cPETERSDORF R
942 _2udc
_cBK
999 _c58353
_d58353